000 00847nam a2200253Ia 4500
003 OSt
005 20220918110209.0
006 a|||||r|||| 00| 0
007 ta
008 220915b |||||||| |||| 00| 0 220915b |||||||| |||| 00| 0 tam d d
020 _a8120600185 (hbk)
_c185
024 _a258236
037 _bA-0246, 21/09/2010, Asian Educational Services
_cReference Collections
040 _aARTS
_cARTS
_btam
041 _2tam
_atam
082 _aP31:4k, 111N4(RR)
100 _aPope G.U.
_96324
245 0 _aCompendious tamil-english dictionary
260 _aNew Delhi
_bAsian Educational Services India
_c2002
300 _a98p.
650 _aLINGUISTICS
942 _hP31:4k, 111N4(RR)
_cREF
999 _c111549
_d111549